000 00455nam a22001577a 4500
005 20251121093621.0
008 251121b |||||||| |||| 00| 0 eng d
020 _a979-8-88715-00-93
100 _aAITKEN NANCY
245 _aFARM MACHINERY AND POWER
260 _aDUBLIN
_bORYSON PRESS
_c2023
300 _aVIII, 296P.
500 _aINCLUDES INDEX
650 _a1. FARM MACHINERY 2. AGRICULTURAL ENGINEERING 3. POWER IN AGRICULTURE
942 _2lcc
_cBK
999 _c216243
_d216243